000 00311nam a22001217a 4500
020 _a9788126519972
082 _222
_a005.73
100 _aShukla, Rajesh K.
245 _aData structures using Cc++
260 _aNew Delhi,
_bWiley and Sons,
_cc2011.
300 _axviii. 502p. ;
_bill. ;
_c23 cm.
942 _2ddc
_cIT
_05
999 _c572
_d572